[Event "Tbilisi zt (Women)"]
[Site "Tbilisi"]
[Date "1993.??.??"]
[Round "2"]
[White "Lomineishvili, Maia"]
[Black "Aslanian, Ludmila K"]
[Result "0-1"]
[WhiteElo "2080"]
[BlackElo "2230"]

1.d4 Nf6 2.c4 e6 3.g3 Bb4+ 4.Bd2 Bxd2+ 5.Qxd2 O-O 6.Nf3 Qe7 7.Nc3 d5 8.Bg2 dxc4
9.O-O c5 10.e4 Nc6 11.d5 Rd8 12.Rad1 exd5 13.exd5 Bg4 14.Rfe1 Qc7 15.h3 Bxf3
16.Bxf3 Nd4 17.Bg2 Rd7 18.a4 a6 19.f4 Rad8 20.Re5 b5 21.Rde1 h6 22.axb5 axb5
23.g4 b4 24.Nd1 Nxd5 25.g5 Ne7 26.Qc1 Ng6 27.Re8+ Rxe8 28.Rxe8+ Kh7 29.gxh6 Qxf4
30.hxg7 Kxg7 31.Qxf4 Nxf4 32.Ne3 c3 33.bxc3 bxc3 34.Be4 Nxh3+ 35.Kg2 Ng5
36.Bd3  0-1

[Event "Tel Aviv"]
[Site "Tel Aviv"]
[Date "1993.??.??"]
[Round "?"]
[White "Birnboim, Nathan"]
[Black "Finkel, Alexander"]
[Result "0-1"]
[WhiteElo "2395"]
[BlackElo "2295"]

1.d4 Nf6 2.c4 e6 3.g3 Bb4+ 4.Nd2 c5 5.a3 Bxd2+ 6.Qxd2 cxd4 7.Nf3 Nc6 8.Nxd4 Na5
9.Qb4 d5 10.Nb5 Nc6 11.Qd6 Qxd6 12.Nxd6+ Ke7 13.Nb5 dxc4 14.Be3 b6 15.Bg2 Bb7
16.Rc1 Nd5 17.Bg5+ f6 18.e4 fxg5 19.exd5 exd5 20.Bxd5 Rad8 21.Bg2 a6 22.Nc7 Kd6
23.Nd5 Ne5  0-1

[Event "USA-ch (Women)"]
[Site "?"]
[Date "1993.??.??"]
[Round "?"]
[White "Burtman, Sharon"]
[Black "Akhmilovskaya, Elena"]
[Result "0-1"]
[WhiteElo "2055"]
[BlackElo "2405"]

1.d4 Nf6 2.c4 e6 3.g3 Bb4+ 4.Bd2 Qe7 5.Bg2 Nc6 6.Nf3 Bxd2+ 7.Qxd2 Ne4 8.Qc2 Qb4+
9.Kf1 f5 10.a3 Qe7 11.Nc3 Nxc3 12.Qxc3 d6 13.Nd2 O-O 14.Bxc6 bxc6 15.c5 e5
16.dxe5 dxe5 17.Nf3 e4 18.Nd4 f4 19.gxf4 Rxf4 20.Rg1 Bd7 21.Rg3 Raf8 22.f3 exf3
23.Nxf3 Re4 24.Re1 Be6 25.b4 Bd5 26.Kf2 g6 27.Qb2 Re3 28.Reg1 Re8 29.Nd4 Qh4
30.h3 Rxg3 31.Rxg3 Qf4+ 32.Nf3 Qe3+ 33.Kf1 Bc4 34.Qd2 Bxe2+  0-1

[Event "Zalakaros op"]
[Site "Zalakaros"]
[Date "1993.??.??"]
[Round "2"]
[White "Korpics, Zsolt"]
[Black "Horvath, Sandor"]
[Result "1/2-1/2"]
[WhiteElo "2320"]
[BlackElo "2370"]

1.d4 Nf6 2.c4 e6 3.g3 Bb4+ 4.Bd2 Qe7 5.Bg2 O-O 6.Nf3 Bxd2+ 7.Nbxd2 d6 8.O-O e5
9.e4 Bg4 10.Qb3 c6 11.Qa3 Re8 12.Rfe1 Nbd7 13.h3 Bxf3 14.Nxf3 c5 15.d5 a6
16.Qd3 Rab8 17.Nd2 b5 18.a4 bxc4 19.Nxc4 Rb4 20.b3 Nb8 21.Bf1 Nfd7 22.Qc3 Nb6
23.Na3 Nc8 24.Nc2 Rb7 25.b4 Rc7 26.Ne3 g6 27.Rec1 Nb6 28.bxc5 Rxc5 29.Qb4 N6d7
30.Qb7 Rxc1 31.Rxc1 Nc5 32.Qxe7 Rxe7 33.Nc4 Nxe4 34.Bg2 Nc5 35.Nxd6 Nbd7
36.a5 e4 37.Bf1 e3 38.Re1 exf2+  1/2-1/2

[Event "Zalakaros op"]
[Site "Zalakaros"]
[Date "1993.??.??"]
[Round "5"]
[White "Horvath, Jozsef"]
[Black "Tompa, Janos"]
[Result "1-0"]
[WhiteElo "2535"]
[BlackElo "2435"]

1.d4 Nf6 2.c4 e6 3.g3 Bb4+ 4.Bd2 a5 5.Bg2 O-O 6.Nf3 b6 7.O-O Ba6 8.Qc2 Ra7
9.Rd1 d5 10.Ne5 h6 11.cxd5 exd5 12.Nc3 c6 13.a3 Bd6 14.e4 dxe4 15.Nxe4 Nxe4
16.Qxe4 Re8 17.Nxc6 Rxe4 18.Nxd8 Rxd4 19.Bxa5 Bc5 20.Bc3 Rxd1+ 21.Rxd1 Rc7
22.Ne6 fxe6 23.Rd8+ Kf7 24.Rxb8 Bd4 25.Bxd4 Rc1+ 26.Bf1 Bxf1 27.f3 Bc4+ 28.Kf2 Rc2+
29.Ke1 e5 30.Bc3 b5 31.Rb7+ Ke6 32.h4 Re2+ 33.Kd1 Rg2 34.Rxg7 Be2+ 35.Kd2 Bxf3+
36.Ke3 Bd1 37.Rg8 Kf7 38.Rd8 Re2+ 39.Kd3 e4+ 40.Kd4 Bc2 41.Kc5 Bd3 42.Rd7+ Kf8
43.Kd6 Rg2 44.Bg7+ Kg8 45.Be5 Kf8 46.Ke6 Bc4+ 47.Kf6 Ke8 48.Re7+ Kd8 49.Bc7+ Kc8
50.Bf4 h5 51.Kg5 Rxb2 52.Kxh5 Rb3 53.Kg5 Kd8 54.Rxe4 Rxa3 55.Kh5 Bd3 56.Re3 b4
57.Be5 Bc2 58.Rxa3  1-0

[Event "Zillertal op"]
[Site "Zillertal"]
[Date "1993.??.??"]
[Round "?"]
[White "Raetsky, Alexander"]
[Black "Kogan, Artur"]
[Result "1-0"]
[WhiteElo "2465"]
[BlackElo "2340"]

1.d4 Nf6 2.c4 e6 3.g3 Bb4+ 4.Bd2 a5 5.Bg2 d5 6.Nf3 O-O 7.O-O c6 8.Qc2 b6
9.Bg5 Be7 10.Nbd2 Ba6 11.Rac1 Ra7 12.Rfd1 b5 13.cxb5 cxb5 14.Ne5 Nfd7 15.Bxe7 Qxe7
16.e4 Nxe5 17.dxe5 Nd7 18.exd5 Nxe5 19.Re1 Qf6 20.Qc3 Ng4 21.Qxf6 Nxf6 22.dxe6 fxe6
23.Rxe6 Bc8 24.Rb6 b4 25.Nb3 Bg4 26.h3 Bh5 27.Rb5 a4 28.Nd4 Rd7 29.Rxb4 Rfd8
30.Ne6 Rd1+ 31.Rxd1 Rxd1+ 32.Kh2 Rd2 33.g4 Bg6 34.Kg3 h5 35.Nf4 Bf7 36.g5 Nd7
37.Rxa4 Rxb2 38.Ra8+ Nf8 39.Nd5 Re2 40.a4 Re5 41.f4 Rxd5 42.Bxd5 Bxd5 43.Rd8 Be4
44.a5 Kf7 45.a6 Ke7 46.Rc8 Nd7 47.a7 Nb6 48.Rb8 Na8 49.f5 Nc7 50.Kf4 Bg2
51.h4 Kf7 52.Ke5 Ke7 53.Rc8 Kd7 54.Rg8 Bb7 55.Rxg7+ Kc6 56.g6 Ne8 57.f6  1-0

[Event "Acasusso Valle op"]
[Site "Acasusso"]
[Date "1994.??.??"]
[Round "1"]
[White "Quinteros, Miguel A"]
[Black "Godoy Bugueno, David A"]
[Result "1-0"]
[WhiteElo "2510"]
[BlackElo "2340"]

1.d4 Nf6 2.c4 e6 3.g3 Bb4+ 4.Bd2 Qe7 5.Bg2 Nc6 6.Nf3 Bxd2+ 7.Qxd2 d6 8.d5 Nb8
9.Nc3 e5 10.O-O O-O 11.e4 a5 12.Ne1 Nbd7 13.Nd3 b6 14.f4 Nc5 15.Nxc5 bxc5
16.f5 Ba6 17.Qe2 Rfb8 18.b3 Rb4 19.Rfc1 Nd7 20.Rab1 Qg5 21.Bf1 Rab8 22.Qe1 h5
23.Na4 Nf6 24.Nb2 Qg4 25.Bg2 Qg5 26.Ra1 Bc8 27.Nd3 R4b6 28.Qxa5 Qe3+ 29.Nf2 Ng4
30.Qe1 Qxf2+ 31.Qxf2 Nxf2 32.Kxf2 Ra8 33.Ke3 Kh7 34.Bf3 Kh6 35.Kd3 Ra3 36.Kc3 g6
37.fxg6 fxg6 38.h4 Rba6 39.Kb2 Ra8 40.Rg1 Bg4 41.Bxg4 hxg4 42.Rgf1 Kg7 43.Rf2 R8a7
44.Kc3 Ra8 45.Kb2 R8a7 46.Rh2 Kh6 47.Kc3 Ra8 48.h5 gxh5 49.Rah1 Rxa2 50.Rxh5+ Kg6
51.Rh6+ Kg7 52.R6h4 Rf8 53.Rxg4+ Kf7 54.Rf1+ Ke8 55.Rf5 Rf2 56.Rgg5 Rf3+
57.Kb2 R8xf5 58.exf5 e4 59.g4 e3 60.Kc2 e2 61.Kd2 Re3 62.Ke1 Kf7 63.Rg6 Re4
64.Rg5 Kf8 65.Rg6 Kf7 66.g5 Re5 67.Rf6+ Kg7 68.Re6 Rxf5 69.Re7+ Rf7 70.Rxe2 Kg6
71.Kd2 Kxg5 72.Kc3 Rf3+ 73.Kb2 Kf6 74.Re8 Kg7 75.Ka3 Rf1 76.Ka4 Rf3 77.Rc8 Rf7
78.Kb5 Kf6 79.Kc6 Ke5 80.Rxc7 Rf6 81.Rh7 Kf5 82.Re7 Rg6 83.Kd7  1-0

[Event "Altensteig-J"]
[Site "Altensteig"]
[Date "1994.??.??"]
[Round "?"]
[White "Kachiani Gersinska, Ketino"]
[Black "Masserey, Yvan"]
[Result "1-0"]
[WhiteElo "2415"]
[BlackElo "2315"]

1.d4 Nf6 2.c4 e6 3.g3 Bb4+ 4.Bd2 Qe7 5.Nf3 Nc6 6.Bg2 Bxd2+ 7.Nbxd2 d6 8.O-O O-O
9.e4 e5 10.d5 Nb8 11.b4 a5 12.a3 Na6 13.Qb3 Bg4 14.Nh4 axb4 15.axb4 c5 16.dxc6 bxc6
17.Nf5 Bxf5 18.exf5 e4 19.Qc3 d5 20.b5 cxb5 21.cxd5 Nc5 22.Rxa8 Rxa8 23.Qb4 Nxd5
24.Qxb5 Nf6 25.Rc1 Nd3 26.Nxe4 Nxc1 27.Nxf6+ Qxf6 28.Bxa8 Ne2+ 29.Kg2 Qd8
30.Bb7 Nd4 31.Qe5 g6 32.fxg6 hxg6 33.h4 Ne6 34.Bd5 Qa5 35.Qb8+ Nd8 36.Qd6 Kg7
37.Qe5+ Kf8 38.Qd6+ Kg7 39.Kh3 Kh7 40.Qe5 Qc5 41.Kg2 Ne6 42.h5  1-0

[Event "Andorra op"]
[Site "Andorra"]
[Date "1994.??.??"]
[Round "7"]
[White "Marin, Mihail"]
[Black "Pogorelov, Ruslan"]
[Result "1-0"]
[WhiteElo "2520"]
[BlackElo "2415"]

1.d4 Nf6 2.c4 e6 3.g3 Bb4+ 4.Bd2 Be7 5.Bg2 d5 6.Nf3 c6 7.Qc2 Nbd7 8.O-O O-O
9.Bf4 b6 10.Rd1 Bb7 11.Nc3 Rc8 12.b3 Nh5 13.Bc1 f5 14.Bb2 Bd6 15.e3 Nhf6
16.Ne2 Ne4 17.Nf4 Qe7 18.Ne5 Nxe5 19.dxe5 Bb8 20.a4 g5 21.Nd3 g4 22.Nf4 Qf7
23.a5 Rcd8 24.Qe2 Ng5 25.a6 Bc8 26.cxd5 cxd5 27.Rac1 Rfe8 28.Bd4 Bd7 29.h3 gxh3
30.Bxh3 Nxh3+ 31.Nxh3 Rc8 32.Kg2 Rxc1 33.Rxc1 Rc8 34.Rh1 Qg7 35.Qb2 Be8 36.Nf4 Rc6
37.b4 b5 38.Qe2 Rxa6 39.Nh5 Bxh5 40.Qxb5 Be2 41.Qxb8+ Qf8 42.Qxf8+ Kxf8 43.Rxh7 Bd3
44.Rc7 Ra2 45.Bxa7 Be4+ 46.Kh3 Rxf2 47.b5 Rb2 48.Bc5+ Ke8 49.b6 d4 50.Bxd4 Rb1
51.Kh4 Bd5 52.Kg5 Rb4 53.Rc8+ Kd7 54.Rc7+ Ke8 55.Kg6 Rb5 56.Rc8+ Kd7 57.Rc7+ Ke8
58.Kf6 Rb1 59.Rc8+ Kd7 60.Rc7+ Ke8 61.Re7+ Kd8 62.Rxe6 Bxe6 63.Kxe6 Rg1 64.Kd6 Kc8
65.e6 Rxg3 66.Kc6  1-0

[Event "AUT-chT2S 9394"]
[Site "AUT"]
[Date "1994.??.??"]
[Round "?"]
[White "Osmanbegovic, Suad"]
[Black "Petran, Pal"]
[Result "1/2-1/2"]
[WhiteElo "2355"]
[BlackElo "2440"]

1.d4 Nf6 2.c4 e6 3.g3 Bb4+ 4.Bd2 Be7 5.Bg2 d5 6.Nf3 c6 7.Qc2 b6 8.Bf4 Bb7
9.O-O O-O 10.Rd1 Nbd7 11.Nbd2 Nh5 12.Ne5 Nxf4 13.gxf4 Rc8 14.cxd5 cxd5 15.Qd3 Nxe5
16.fxe5 Qd7 17.Rdc1 Qa4 18.e3 Ba6 19.Qb3 Qa5 20.Qd1 Bb4 21.Nb3 Qa4 22.a3 Be7
23.Rab1 Bc4 24.Nd2 Qxd1+ 25.Rxd1 Bd3 26.Rbc1 b5 27.Nb1 Bc2 28.Rd2 Bb3 29.Nc3 b4
30.axb4 Bxb4 31.Bf3 Rc7 32.Bd1 Bc4 33.Be2 Rfc8 34.Bxc4 Rxc4 35.Ra1 a5 36.Rdd1 f6
37.exf6 gxf6 38.Rdc1 Kg7 39.Kf1 Kg6 40.Ke2 Kf5 41.Rg1 Bxc3  1/2-1/2

[Event "Berliner Sommer"]
[Site "Berlin"]
[Date "1994.??.??"]
[Round "?"]
[White "Raetsky, Alexander"]
[Black "Wahls, Matthias"]
[Result "0-1"]
[WhiteElo "2450"]
[BlackElo "2540"]

1.d4 Nf6 2.c4 e6 3.g3 Bb4+ 4.Nd2 c5 5.dxc5 Bxc5 6.Bg2 O-O 7.Ngf3 Be7 8.O-O d6
9.a3 Qc7 10.b4 b6 11.e4 Bb7 12.Qe2 Nc6 13.Bb2 Rfd8 14.Rac1 Rac8 15.Rfd1 Nd7
16.Nb3 Qb8 17.Nfd4 Nxd4 18.Nxd4 Bf8 19.f4 Re8 20.Nb5 a6 21.Nd4 e5 22.fxe5 Nxe5
23.Nf3 Ng6 24.Ng5 Qa8 25.Re1 Ne5 26.Nf3 Nd7 27.Nd2 Rcd8 28.Bd4 Qb8 29.Qf2 b5
30.Bf1 Ba8 31.Qf4 Ne5 32.h3 Re6 33.Kh2 Rde8 34.Be2 bxc4 35.Bxc4 Nxc4 36.Rxc4 d5
37.Qxb8 Rxb8 38.Rc7 dxe4 39.Nc4 Rd8 40.Bc5 h5 41.g4 hxg4 42.hxg4 Rc6 43.Rxc6 Bxc6
44.Kg3 Bxc5 45.bxc5 Rd5 46.Rxe4 Rxc5 47.Rd4 f6 48.Kf2 Rd5 49.Rxd5 Bxd5 50.Nb6 Bc6
51.a4 Kf7 52.Ke3 Ke6 53.a5 Ke5 54.Nc4+ Kd5 55.Nb2 Bd7 56.Nd3 Kc4 57.g5 Kb5
58.gxf6 gxf6 59.Nf4 Kxa5 60.Nd5 f5  0-1

[Event "Berliner Sommer"]
[Site "Berlin"]
[Date "1994.??.??"]
[Round "?"]
[White "Meins, Gerlef"]
[Black "Preuschoff, Michael"]
[Result "0-1"]
[WhiteElo "2440"]
[BlackElo "2255"]

1.d4 Nf6 2.c4 e6 3.g3 Bb4+ 4.Nd2 d5 5.Qc2 dxc4 6.Qxc4 Qd5 7.Qxb4 Qxh1 8.Ndf3 Nc6
9.Qc5 Ne4 10.Qc2 Nd6 11.e4 O-O 12.Be3 e5 13.dxe5 Nxe5 14.Nxe5 Qxg1 15.O-O-O Qxh2
16.Be2 Qh3 17.g4 Qh4 18.g5 Qh2 19.Nf3 Qh3 20.Nd4 Bg4 21.Bxg4 Qxg4 22.e5 c5
23.exd6 cxd4 24.Rxd4 Qd7 25.Kb1 Rac8 26.Qd3 Rc6 27.Bf4 Re8 28.Re4 Rxe4 29.Qxe4 Rc8
30.Be5 Qc6 31.Qxc6 bxc6 32.b4 Rd8 33.Kc2 f6 34.gxf6 gxf6 35.Bd4 Rd7 36.Kc3 Kf7
37.Kc4 Ke6 38.Bc5 h5  0-1

[Event "Bern op"]
[Site "Bern"]
[Date "1994.??.??"]
[Round "3"]
[White "Kohlweyer, Bernd"]
[Black "Jurek, Josef"]
[Result "1-0"]
[WhiteElo "2450"]
[BlackElo "2280"]

1.d4 Nf6 2.c4 e6 3.g3 Bb4+ 4.Bd2 Be7 5.Bg2 d5 6.Nf3 O-O 7.O-O c6 8.Qc2 b6
9.Bf4 Bb7 10.Nbd2 Nh5 11.Be3 Nd7 12.Rad1 Nhf6 13.Bf4 Nh5 14.Be3 Nhf6 15.Bg5 h6
16.Bxf6 Nxf6 17.e4 Rc8 18.Rfe1 Rc7 19.Ne5 Qc8 20.c5 bxc5 21.dxc5 Rd8 22.b4 Ba6
23.Bh3 Qb8 24.exd5 Rxd5 25.a3 Rd4 26.Ndf3 Rxd1 27.Rxd1 Qe8 28.Nd4 Bc8 29.Bg2 Nd5
30.Nc4 Qd8 31.Na5 Qe8 32.Re1 Bf6 33.Nf5 Qd7 34.Nd6 Be7 35.Nac4 Bf6 36.Ne5 Bxe5
37.Rxe5 f6 38.Re1 e5 39.f4 Qe6 40.fxe5 fxe5 41.Qb2 Re7 42.Nxc8 Qxc8 43.Rxe5 Qd8
44.Bxd5+ cxd5 45.Qe2 Rxe5 46.Qxe5 Qd7 47.Kf2 d4 48.Ke1 h5 49.Kd2 Qh3 50.Kd3 Qf1+
51.Kxd4 Qa1+ 52.Kd5 Qa2+ 53.Kd6 Qxa3 54.Qe8+ Kh7 55.Qxh5+ Kg8 56.Qd5+ Kf8
57.b5 g6 58.Kc6 Qa4 59.Qe5 Kg8 60.Qe8+ Kg7 61.Kb7 Kh7 62.Qf7+ Kh8 63.Qf6+ Kh7
64.Qh4+  1-0

[Event "Biel op"]
[Site "Biel"]
[Date "1994.??.??"]
[Round "3"]
[White "Raetsky, Alexander"]
[Black "Tukmakov, Vladimir B"]
[Result "1/2-1/2"]
[WhiteElo "2450"]
[BlackElo "2565"]

1.d4 Nf6 2.c4 e6 3.g3 Bb4+ 4.Nd2 d5 5.Bg2 O-O 6.Nf3 c5 7.dxc5 Bxc5 8.O-O Nc6
9.a3 a5 10.cxd5 exd5 11.Nb3 Bb6 12.Nbd4 Re8 13.Be3 Rxe3 14.fxe3 Ng4 15.Qd3 Qe7
16.Nc2 g6 17.Nh4 Bxe3+ 18.Nxe3 Nxe3 19.Rf3 d4 20.Rc1 Be6 21.Rxe3 dxe3 22.Qxe3 Rd8
23.Bxc6 bxc6 24.Nf3 Qf6 25.Qe5 Qxe5 26.Nxe5 Rd2 27.Kf2 Rxb2 28.Nxc6 a4 29.Nd4 Bb3
30.Rc8+ Kg7 31.Rb8 Ra2 32.Nxb3 Rb2 33.Rb4 axb3 34.a4  1/2-1/2

[Event "Budapest Honved"]
[Site "Budapest"]
[Date "1994.??.??"]
[Round "1"]
[White "Horvath, Jozsef"]
[Black "Gaertner, Guntram"]
[Result "1-0"]
[WhiteElo "2520"]
[BlackElo "2325"]

1.d4 Nf6 2.c4 e6 3.g3 Bb4+ 4.Bd2 a5 5.Bg2 O-O 6.Nf3 d6 7.O-O Bxd2 8.Qxd2 Nbd7
9.Nc3 e5 10.Rfd1 Qe7 11.Rac1 c6 12.Nh4 Nb6 13.dxe5 dxe5 14.c5 Nbd7 15.Nf5 Qd8
16.Na4 Qc7 17.g4 g6 18.Ne7+ Kg7 19.g5 Nd5 20.Bxd5 cxd5 21.Qxd5 Nb8 22.Nxc8 Qxc8
23.Qxe5+ Kg8 24.Nb6 Qg4+ 25.Qg3 Qxg3+ 26.hxg3 Ra6 27.Kg2 Re8 28.Rc4 Kg7 29.e4 Nc6
30.f4  1-0

[Event "Budapest FS06 GM"]
[Site "Budapest"]
[Date "1994.??.??"]
[Round "4"]
[White "Nikolaidis, Ioannis"]
[Black "Loginov, Valery A"]
[Result "1/2-1/2"]
[WhiteElo "2410"]
[BlackElo "2540"]

1.d4 Nf6 2.c4 e6 3.g3 Bb4+ 4.Bd2 Qe7 5.Bg2 Nc6 6.e3 e5 7.d5 Nb8 8.Ne2 Bxd2+
9.Qxd2 a5 10.d6 Qxd6 11.Qxd6 cxd6 12.Nbc3 Na6 13.O-O Ke7 14.Rfd1 Rb8 15.Nb5 d5
16.Bxd5 d6 17.Nec3 Rd8 18.Rd2 Ne8 19.Rad1 Bg4 20.f3 Bd7 21.a3 h6 22.Ne4 Bxb5
23.cxb5 Nc5 24.Nc3 Nf6 25.Ba2  1/2-1/2

[Event "Budapest Honved"]
[Site "Budapest"]
[Date "1994.??.??"]
[Round "5"]
[White "Horvath, Csaba"]
[Black "Gaertner, Guntram"]
[Result "1/2-1/2"]
[WhiteElo "2540"]
[BlackElo "2325"]

1.d4 Nf6 2.c4 e6 3.g3 Bb4+ 4.Bd2 a5 5.Bg2 d6 6.Nf3 Nbd7 7.O-O e5 8.Qc2 O-O
9.Be3 exd4 10.Bxd4 Re8 11.Nc3 Bc5 12.e3 Bxd4 13.exd4 c6 14.Rfe1 Nb6 15.Rxe8+ Qxe8
16.Re1 Qd8 17.Nd1 Bg4 18.Ne3 Bxf3 19.Bxf3 Qc7 20.c5 Nbd7 21.cxd6 Qxd6 22.Nf5 Qb4
23.Re7 Re8 24.a3 Qb6 25.Rxe8+ Nxe8 26.Qe2 Ndf6 27.d5 cxd5 28.Ne7+ Kf8 29.Nxd5 Nxd5
30.Bxd5 Nf6 31.Bf3 Qc7 32.Kg2 b6 33.Qe3 h6 34.h4 Nd7 35.Qd4 Nc5 36.Qd5 Ne6
37.Bg4 Nc5 38.Bf3 Ne6 39.Be4 Ke7 40.Bf5 Qd6  1/2-1/2

[Event "Budapest FS04 IM (Women)"]
[Site "Budapest"]
[Date "1994.??.??"]
[Round "6"]
[White "Tarasova, Oksana"]
[Black "Weclawski, Doris"]
[Result "1/2-1/2"]
[WhiteElo "2170"]
[BlackElo "2145"]

1.d4 Nf6 2.c4 e6 3.g3 Bb4+ 4.Nd2 c5 5.Nf3 b6 6.Bg2 Bb7 7.O-O Bxd2 8.Bxd2 O-O
9.dxc5 bxc5 10.Bf4 Ne8 11.Qc2 f5 12.Rfd1 Qb6 13.a3 d6 14.b4 Nd7 15.Qd2 e5
16.Bg5 Rf7 17.Rab1 Qc7 18.Be3 Re7 19.Nh4 Bxg2 20.Kxg2 Qc6+ 21.Qd5+ Qxd5+
22.cxd5 Rf7 23.bxc5 dxc5 24.Nf3 f4 25.gxf4 exf4 26.Bd2 h6 27.Bc3 Nd6 28.Ne5 Nxe5
29.Bxe5 Nc4 30.Rb8+ Rxb8 31.Bxb8 Nxa3 32.d6 Rd7 33.Bxa7 c4 34.Bc5 Nb5 35.Kf3 g5
36.h4 Kf7 37.hxg5 hxg5 38.Kg4 Kf6 39.Bb4 c3 40.Rd5 c2 41.Rc5 Rxd6 42.Rxc2 Rd4
43.Rc6+ Kf7 44.Ba5 Rd5 45.Bb6 Nd6 46.Kf3 Ne8 47.Ke4 Rb5 48.Bd4 Rb4 49.Ke5 Rb5+
50.Bc5 Rb2 51.e4 fxe3 52.fxe3 Rf2 53.Rc8 g4 54.e4 Rf1 55.Bd4  1/2-1/2

[Event "Budapest Spring op"]
[Site "Budapest"]
[Date "1994.??.??"]
[Round "8"]
[White "Horvath, Jozsef"]
[Black "Khasin, Alexander"]
[Result "1-0"]
[WhiteElo "2515"]
[BlackElo "2460"]

1.d4 Nf6 2.c4 e6 3.g3 Bb4+ 4.Bd2 Qe7 5.Bg2 Nc6 6.Nf3 Bxd2+ 7.Nbxd2 d6 8.O-O a5
9.e4 e5 10.d5 Nb8 11.Ne1 h5 12.h3 h4 13.g4 Nbd7 14.Nd3 O-O 15.b3 Nc5 16.Nb2 Bd7
17.a3 b5 18.b4 Na6 19.Nd3 c5 20.bxc5 Nxc5 21.Nxc5 dxc5 22.cxb5 Bxb5 23.Re1 Ne8
24.Qc2 Qc7 25.Rec1 Rc8 26.Qc3 a4 27.Rab1 Nd6 28.Qxe5 Bd3 29.Rb2 Rfe8 30.Qf4 f6
31.Qe3 c4 32.Rb6 Qe7 33.Rc6 Qe5 34.Nf3 Qb2 35.Rxd6 Rxe4 36.Qd2 Qxa3 37.Rc6 Rd8
38.Nxh4 Re2 39.Qc3 Qb3 40.d6 a3  1-0

[Event "Budapest Spring op"]
[Site "Budapest"]
[Date "1994.??.??"]
[Round "9"]
[White "Mochalov, Evgeny V"]
[Black "Zhidkov, Valery S"]
[Result "1/2-1/2"]
[WhiteElo "2450"]
[BlackElo "2380"]

1.d4 Nf6 2.c4 e6 3.g3 Bb4+ 4.Bd2 Be7 5.Bg2 d5 6.Nf3 dxc4 7.O-O O-O 8.Qc2 a6
9.a4 b6 10.Ne5 Ra7 11.Qxc4 Bb7 12.Rd1 Bxg2 13.Kxg2 c5 14.dxc5 Bxc5 15.Nc3 Nbd7
16.Nxd7 Rxd7 17.Bg5 Qa8+ 18.f3 Nd5 19.e4 Nf6 20.Bxf6 Rxd1 21.Rxd1 gxf6 22.Rd7 Rc8
23.e5 f5 24.Qh4 Qc6 25.Qg5+ Kf8 26.Rd8+ Rxd8 27.Qxd8+ Kg7 28.Qg5+ Kf8 29.Qd8+ Kg7
30.Ne2 Be3 31.Qf6+ Kg8 32.Qd8+ Kg7 33.Qd3 Qc5 34.Qxa6 Qxe5 35.b3 Qd5 36.Qc4 Qxc4
37.bxc4 Kf6 38.f4 Ke7 39.Kf3 Bc5 40.Nc3 Kd6 41.g4 fxg4+ 42.Kxg4 Bg1 43.Ne2 Bxh2
44.Kh3 Bxf4 45.Nxf4 Kc5 46.Kg4 Kxc4 47.Kg5 e5 48.Ng2 Kd3 49.Kf5 f6 50.Kxf6 e4
51.Kg7  1/2-1/2

[Event "USA-op"]
[Site "Chicago"]
[Date "1994.??.??"]
[Round "?"]
[White "Orlov, Georgi"]
[Black "Pelts, Peter"]
[Result "1/2-1/2"]
[WhiteElo "2510"]
[BlackElo "2280"]

1.d4 Nf6 2.c4 e6 3.g3 Bb4+ 4.Bd2 c5 5.Bxb4 cxb4 6.Bg2 d5 7.cxd5 exd5 8.Nf3 O-O
9.Nbd2 Nc6 10.O-O Re8 11.Nb3 Ne4 12.Rc1 Qf6 13.Nc5 b6 14.Nd3 Bg4 15.Nde5 Nxe5
16.Nxe5 Be6 17.Rc6 Qe7 18.Qc2 f6 19.Nd3 Rac8 20.Nf4 Qb7 21.Rxc8 Rxc8 22.Qa4 Bf7
23.Qxb4 Rc4 24.Qa3 Rxd4 25.Qe3 Rc4 26.Rd1 Qc6 27.Nd3 a5 28.Ne1 Kf8 29.Nf3 Qb5
30.Nd4 Qxb2 31.Bxe4 dxe4 32.Nf5 Rc8 33.Qxe4 Qe5 34.Qf3 Be6 35.Nd4 Bd5 36.Qd3 Qe4
37.Qa3+ Kf7 38.f3 Qe5 39.Qb2 Qc7 40.e4  1/2-1/2

[Event "Copenhagen op16"]
[Site "Copenhagen"]
[Date "1994.??.??"]
[Round "3"]
[White "Ksieski, Zbigniew"]
[Black "Brodsky, Michail"]
[Result "1/2-1/2"]
[WhiteElo "2355"]
[BlackElo "2500"]

1.d4 Nf6 2.c4 e6 3.g3 Bb4+ 4.Nd2 c5 5.dxc5 Bxc5 6.Nb3 Bb4+ 7.Bd2 Qb6 8.c5 Bxd2+
9.Qxd2 Qc6 10.Nf3 Na6 11.Rc1 Qa4 12.Bg2 Qxa2 13.Nfd4 Qa4 14.O-O Qb4 15.Qg5 O-O
16.e4 Nc7 17.e5 Nfd5 18.Be4 h6 19.Qh4 f5 20.exf6 Nxf6 21.Bd3 b5 22.Rfe1 Bb7
23.c6 dxc6 24.Nc5 Rad8 25.Nf3 Qxh4 26.Nxh4 Bc8 27.Ng6 Rfe8 28.Ne5 Rd6 29.Bg6 Re7
30.Red1 Ncd5 31.Nb3 Bd7 32.Na5 Be8 33.Bxe8 Nxe8 34.Naxc6 Rc7 35.Nd4 a6 36.Rxc7 Ndxc7
37.Rd3 g5 38.Kf1 Kg7 39.Ke2 Kf6 40.Ng4+ Kg6 41.Ne5+ Kf6 42.Ng4+ Kg7 43.Ne5 Rd5
44.f4 gxf4 45.gxf4 Rc5 46.Rg3+ Kh7 47.Nd7 Rc4 48.Nf8+ Kh8 49.Ng6+ Kh7  1/2-1/2

[Event "Cordoba op"]
[Site "Cordoba"]
[Date "1994.??.??"]
[Round "6"]
[White "Komljenovic, Davor"]
[Black "Pogorelov, Ruslan"]
[Result "1-0"]
[WhiteElo "2465"]
[BlackElo "2415"]

1.d4 Nf6 2.c4 e6 3.g3 Bb4+ 4.Bd2 Be7 5.Bg2 d5 6.Nf3 c6 7.Qc2 O-O 8.O-O b6
9.Rd1 Bb7 10.Bf4 Na6 11.Ne5 Rc8 12.Nc3 Nd7 13.Qa4 Nxe5 14.Bxe5 f6 15.Bf4 g5
16.Be3 f5 17.f4 g4 18.h3 gxh3 19.Bf3 Rf6 20.Kf2 dxc4 21.Qxc4 Nb4 22.Rh1 a5
23.Rxh3 Bf8 24.Rah1 h6 25.Qb3 Ba6 26.g4 fxg4 27.Bxg4 Nd5 28.Ne4 Rg6 29.Bh5 Rg7
30.Bf3 Rf7 31.Rg3+ Kh8 32.Rg6 Bg7 33.Ng5 Rf6 34.Qc2 Qe7 35.Rxf6 Nxf6 36.Qg6 Rf8
37.d5 exd5 38.Bxb6 Qe8 39.Rxh6+ Bxh6 40.Qxh6+ Kg8 41.e3 Qe7 42.Bd4 Bd3 43.Qh3 Re8
44.a3 Qg7 45.Ke1 Qg6 46.Bg4 c5 47.Be6+ Kg7 48.Be5 Rh8 49.Qg2 Be4 50.Qg3 Rh1+
51.Kd2 d4 52.Nxe4 dxe3+ 53.Kxe3  1-0

[Event "CZE-ch"]
[Site "?"]
[Date "1994.??.??"]
[Round "1"]
[White "Haba, Petr"]
[Black "Jurek, Josef"]
[Result "1-0"]
[WhiteElo "2475"]
[BlackElo "2280"]

1.d4 Nf6 2.c4 e6 3.g3 Bb4+ 4.Nd2 O-O 5.Nf3 b6 6.Bg2 Bb7 7.O-O Be7 8.Qc2 d5
9.cxd5 exd5 10.Ne5 c5 11.dxc5 bxc5 12.Nb3 Bd6 13.Nxc5 Qc7 14.Ned3 Na6 15.Be3 Rac8
16.Rac1 Ne4 17.Nxe4 Qxc2 18.Rxc2 dxe4 19.Rd2 Rfd8 20.Rfd1 Be7 21.Nf4 Rxd2
22.Rxd2 Bc5 23.Bxc5 Nxc5 24.Nd5 Kf8 25.Ne3 g6 26.h4 Ke7 27.h5 a5 28.Nd5+ Ke6
29.Nb6 Rc7 30.Rd8 f5 31.Nc4 a4 32.hxg6 hxg6 33.Rd6+ Ke7 34.Rxg6 Bd5 35.Ne3 Bxa2
36.Nxf5+ Kf8 37.Rf6+ Ke8 38.Rb6 Bb3 39.Nd6+ Ke7 40.Nxe4 Nd7 41.Rb5 Rc1+ 42.Kh2 Rc2
43.Nc3 Nf6 44.Bf3  1-0

[Event "CZE-ch"]
[Site "?"]
[Date "1994.??.??"]
[Round "9"]
[White "Haba, Petr"]
[Black "Mokry, Karel"]
[Result "1/2-1/2"]
[WhiteElo "2475"]
[BlackElo "2520"]

1.d4 Nf6 2.c4 e6 3.g3 Bb4+ 4.Nd2 d5 5.Bg2 Nc6 6.cxd5 exd5 7.Nf3 O-O 8.O-O Ne7
9.Ne5 c6 10.Ndf3 Nf5 11.Bg5 Be7 12.Bxf6 Bxf6 13.e3  1/2-1/2

[Event "CZE-ch"]
[Site "?"]
[Date "1994.??.??"]
[Round "10"]
[White "Jurek, Josef"]
[Black "Ramik, Zdenek"]
[Result "0-1"]
[WhiteElo "2280"]
[BlackElo "2315"]

1.d4 Nf6 2.c4 e6 3.g3 Bb4+ 4.Nc3 O-O 5.Bg2 d6 6.Nf3 Nc6 7.O-O Bxc3 8.bxc3 e5
9.Rb1 Qe7 10.c5 e4 11.cxd6 cxd6 12.Ne1 h6 13.Nc2 Be6 14.Ne3 Na5 15.d5 Bd7
16.c4 b6 17.Qd4 Rfe8 18.Bb2 Nb7 19.f4 exf3 20.Rxf3 Qe4 21.Rbf1 Qxd4 22.Bxd4 Re7
23.Nf5 Bxf5 24.Bxf6 gxf6 25.Rxf5 Rc8 26.R1f4 Rxe2 27.Rxf6 Rc7 28.Rxh6 Rxa2
29.Rg4+ Kf8 30.Rh8+ Ke7 31.Re4+ Kf6 32.Rg8 Nc5 33.Rf4+ Ke7 34.h4 Nd3 35.Re4+ Ne5
36.h5 f5 37.Rg7+ Kf6 38.Rxc7 fxe4 39.Bxe4 Kg5 40.Rh7 a5 41.h6 a4 42.Rb7 Kxh6
43.Rxb6 Re2 44.Rxd6+ Kg5 45.Ra6 Rxe4 46.Rxa4 Kg4 47.Ra2 Kxg3 48.Rg2+ Kf3
49.Rf2+ Ke3 50.d6 Rxc4 51.Rf5 Nf3+  0-1

[Event "CZE-chT"]
[Site "?"]
[Date "1994.??.??"]
[Round "?"]
[White "Hausner, Ivan"]
[Black "Pachman, Ludek"]
[Result "1/2-1/2"]
[WhiteElo "2480"]
[BlackElo "2340"]

1.d4 Nf6 2.c4 e6 3.g3 Bb4+ 4.Bd2 a5 5.Bg2 d5 6.Nf3 Nc6 7.O-O dxc4 8.Bc3 Ne4
9.Qc2 f5 10.a3 Be7 11.Qa4 O-O 12.Qxc4 Bf6 13.e3 Ne7 14.Nbd2 Nd6 15.Qa2 Nd5
16.Rac1 b6 17.Ng5 c6 18.Ngf3 Ba6 19.Rfe1 Bd3  1/2-1/2

[Event "CZE-chT"]
[Site "?"]
[Date "1994.??.??"]
[Round "?"]
[White "Beil, Zdenek"]
[Black "Hracek, Zbynek"]
[Result "0-1"]
[WhiteElo "2355"]
[BlackElo "2510"]

1.d4 Nf6 2.c4 e6 3.g3 Bb4+ 4.Bd2 Qe7 5.Bg2 Nc6 6.Nf3 Bxd2+ 7.Nbxd2 d6 8.O-O O-O
9.e4 e5 10.d5 Nb8 11.Ne1 a5 12.Nd3 Na6 13.f4 Nd7 14.f5 c6 15.Qf3 f6 16.Rf2 Ndc5
17.Bf1 Bd7 18.g4 g5 19.h4 h6 20.Rh2 Kg7 21.Nxc5 Nxc5 22.Re1 Qd8 23.Qe3 Rh8
24.Ree2 Qb6 25.Nf3 Na4 26.b3 Qxe3+ 27.Rxe3 Nc5 28.Rd2 cxd5 29.exd5 h5 30.hxg5 hxg4
31.Nh2 fxg5 32.Rg2 Bxf5 33.Be2 Rh3 34.Rxh3 gxh3 35.Rxg5+ Kf6 36.Rg3 Ne4 37.Ng4+ Kg5
38.Re3 Kf4  0-1

[Event "Dresden (Women)"]
[Site "Dresden"]
[Date "1994.??.??"]
[Round "?"]
[White "Grabuzova, Tatiana"]
[Black "Kachiani Gersinska, Ketino"]
[Result "1-0"]
[WhiteElo "2320"]
[BlackElo "2415"]

1.d4 Nf6 2.c4 e6 3.g3 Bb4+ 4.Bd2 Be7 5.Bg2 d5 6.Nf3 O-O 7.O-O c6 8.Qc2 b6
9.Bf4 Bb7 10.b3 Nbd7 11.Nc3 Ba6 12.Rfd1 Rc8 13.e4 dxc4 14.Qe2 b5 15.bxc4 Qa5
16.Rac1 Nb6 17.Ne5 Rfd8 18.Qc2 Nfd7 19.Nxd7 Rxd7 20.c5 Nc4 21.Bf1 Na3 22.Qb3 Nc4
23.Bxc4 bxc4 24.Qc2 h6 25.e5 Rb7 26.Ne4 Rcb8 27.Rb1 Qa3 28.Rxb7 Rxb7 29.Rb1 Rxb1+
30.Qxb1 Bb5 31.Nd6 a6 32.Qc2 Qf3 33.a4 c3 34.axb5 axb5 35.Ne4 b4 36.Nd6 h5
37.Qe4 Qd1+ 38.Kg2 c2 39.Qxc6 b3 40.Qe8+ Kh7 41.Qxe7 b2 42.Nxf7 Qg4 43.Ng5+ Kh6
44.Nxe6+  1-0